[Event "62.HEM 2008, Gruppe D"]
[Site "Hanau"]
[Date "2008.03.22"]
[Round "3.28"]
[White "Begeluri, Nino"]
[Black "Cimen, Merih"]
[Result "1/2-1/2"]
[WhiteElo "1515"]
[BlackElo "1556"]
[PlyCount "103"]
[EventDate "2008.??.??"]

1. e4 c6 2. Nf3 d5 3. exd5 cxd5 4. d4 Nf6 5. Nc3 h6 6. Be2 Bf5 7. Bf4 Qb6 8.
Rb1 Nc6 9. Be5 e6 10. O-O Nb4 11. Bxf6 gxf6 12. Rc1 Nc6 13. Bb5 a6 14. Bxc6+
bxc6 15. b3 Rg8 16. Ne2 Bg4 17. Qd3 h5 18. c3 Bf5 19. Qe3 Rh8 20. Nh4 Bh6 21.
f4 Be4 22. Ng3 f5 23. Nf3 Bg7 24. Nxe4 dxe4 25. Ne5 Bxe5 26. fxe5 Qd8 27. Qg3
Kd7 28. Rcd1 Rg8 29. Qe3 Qg5 30. Qxg5 Rxg5 31. Rf4 Rag8 32. Rd2 Rg4 33. Rxg4
Rxg4 34. Kf2 f4 35. Re2 e3+ 36. Kf3 Ke7 37. h3 Rh4 38. g3 fxg3 39. Rxe3 Rxh3
40. Re2 h4 41. c4 Rh1 42. Rd2 Rg1 43. Kg4 Rh1 44. a4 Rh2 45. Rd1 g2 46. Rg1 h3
47. Kg3 Rh1 48. Kf2 Rxg1 49. Kxg1 Kf8 50. b4 Ke7 51. a5 Kd7 52. Kh2 1/2-1/2

[Event "62.HEM 2008, Gruppe D"]
[Site "Hanau"]
[Date "2008.03.22"]
[Round "3.29"]
[White "Hoellwarth, Kai"]
[Black "Bluhm, Sonja Maria"]
[Result "1/2-1/2"]
[WhiteElo "1645"]
[BlackElo "1540"]
[PlyCount "54"]
[EventDate "2008.??.??"]

1. g3 Nf6 2. Bg2 d5 3. d3 g6 4. Bg5 Bg7 5. Nc3 c6 6. Qd2 O-O 7. Nf3 Ng4 8. h3
Qb6 9. d4 Nf6 10. O-O-O Nbd7 11. Bh6 Re8 12. Bxg7 Kxg7 13. e3 e5 14. Rhe1 e4
15. Nh4 Qc7 16. g4 Nb6 17. f3 Qg3 18. fxe4 Qxh4 19. e5 Nfd7 20. e4 dxe4 21.
Nxe4 Nd5 22. c4 N5b6 23. Nd6 Rf8 24. d5 cxd5 25. cxd5 Nxe5 26. Rxe5 Kg8 27. Qf4
f6 1/2-1/2

[Event "62.HEM 2008, Gruppe D"]
[Site "Hanau"]
[Date "2008.03.22"]
[Round "3.30"]
[White "Schmitt, Clemens"]
[Black "Schwager, Alfred"]
[Result "1-0"]
[WhiteElo "1523"]
[BlackElo "1552"]
[PlyCount "57"]
[EventDate "2008.??.??"]

1. d4 d5 2. Nf3 Nf6 3. c4 Nc6 4. cxd5 Nxd5 5. e4 Nf6 6. d5 Nb8 7. Nc3 e6 8. Bg5
Be7 9. Bb5+ Bd7 10. dxe6 fxe6 11. Ne5 Bxb5 12. Nxb5 O-O 13. Qb3 Nxe4 14. Qxe6+
Kh8 15. Qxe7 Nxg5 16. Qxd8 Rxd8 17. Nxc7 Nc6 18. Nxc6 bxc6 19. Nxa8 Rxa8 20. f3
Re8+ 21. Kd2 Ne6 22. Rhe1 Kg8 23. Kc3 Kf7 24. Rad1 Re7 25. Rd6 c5 26. a4 Nf4
27. Rxe7+ Kxe7 28. Rd2 Ke6 29. Kc4 1-0